000 00295nam a2200133Ia 4500
005 20251222155134.0
008 251222s9999||||xx |||||||||||||| ||spa||
082 _aREL.20
100 _aCORAZAO, Julio.
245 0 _aLos Hijos de Dios
250 _a1ra. ed.
264 _bEnotria
942 _cLIB
999 _c38932
_d38932